000 00644nam a2200181Ia 4500
008 090124s9999 xx 000 0 und d
082 _b3053
_a149
100 _aमिसाळ पा. ना. (पारुजी नारायण)
245 _a थोरांचे बालपण
250 _a1
260 _c1926
300 _a48
600 _aमिसाळ पा. ना. (पारुजी नारायण)
630 _a थोरांचे बालपण
700 _aमिसाळ पा. ना. (पारुजी नारायण)
730 _a थोरांचे बालपण
942 _cBOOK
999 _c116997
_d116997